German Vocabulary "A" - Statistics

General Stats
  • This quiz has been taken 525 times
  • The average score is 12 of 20
Answer Stats
German English % Correct
Apfel apple
99%
Auto car
98%
arbeiten work
94%
aber but
93%
Abend evening
91%
alt old
91%
Asien Asia
88%
Arzt doctor
82%
Auge eye
81%
allein alone
80%
Affe monkey
56%
arm (adjective) poor
53%
Alptraum nightmare
41%
atmen breathe
38%
Anzug suit
34%
Aschenbecher ashtray
24%
Aal eel
23%
Auster oyster
16%
Amsel blackbird
7%
Ara macaw
4%
No matching quizzes found
Score Distribution
Percent of People with Each Score
Percentile by Number Answered
Your Score History
You have not taken this quiz